[Event "RSA-ch U12"]
[Site "Gauteng"]
[Date "2017.04.08"]
[Round "7"]
[White "Petronio, Alessandro Fabio"]
[Black "Moagi, Ntuma"]
[Result "0-1"]
[WhiteElo "1023"]
[BlackElo "1361"]
[PlyCount "56"]
[EventDate "2017.04.05"]
[EventType "swiss"]
[EventRounds "11"]
[EventCountry "RSA"]
[SourceTitle "CBM 177 Extra"]
[Source "ChessBase"]
[SourceDate "2017.04.27"]
[SourceVersion "1"]
[SourceVersionDate "2017.04.27"]
[SourceQuality "1"]

1. e4 c5 2. Nf3 Nc6 3. d4 cxd4 4. Nxd4 g6 5. Nc3 Bg7 6. Be3 d6 7. f3 Nf6 8. Qd2 0-0 9. 0-0-0 a6 10. g4 Bd7 11. h4 b5 12. h5 Qa5 13. Kb1 Ne5 14. Nd5 Qd8 15. Bh6 gxh5 16. Qg5 Ne8 17. Nxe7+ Kh8 18. Nef5 Qxg5 19. Bxg5 hxg4 20. fxg4 Nxg4 21. Be7 Nf2 22. Bxf8 Bxf8 23. Bh3 Nxd1 24. Rxd1 Nf6 25. Re1 Re8 26. Nf3 Nxe4 27. Rxe4 Rxe4 28. Nxd6 Bxh3 0-1

[Event "RSA-ch U10"]
[Site "Bloemfontein"]
[Date "2016.03.26"]
[Round "11"]
[White "Petronio, Alessandro Fabio"]
[Black "Meyer, Ewald"]
[Result "1-0"]
[WhiteElo "1076"]
[BlackElo "1140"]
[PlyCount "102"]
[EventDate "2016.03.20"]
[EventType "swiss"]
[EventRounds "11"]
[EventCountry "RSA"]
[SourceTitle "CBM 171 Extra"]
[Source "ChessBase"]
[SourceDate "2016.04.26"]
[SourceVersion "1"]
[SourceVersionDate "2016.04.26"]
[SourceQuality "1"]

1. c4 e5 2. Nc3 Nc6 3. g3 d6 4. Bg2 Bd7 5. Nf3 Nf6 6. 0-0 g6 7. d3 Bg7 8. Bd2 0-0 9. a3 Re8 10. Qc2 a6 11. Rab1 h6 12. Rfe1 Be6 13. b4 Qd7 14. e4 Rab8 15. Nd5 Na7 16. Be3 Ra8 17. Qd2 Ng4 18. Qe2 Nxe3 19. Qxe3 Bxd5 20. cxd5 Nb5 21. Rb3 Kh7 22. h3 Rf8 23. Qd2 c6 24. dxc6 bxc6 25. Rc1 Rac8 26. Kh2 h5 27. Qc2 Bh6 28. Rd1 f6 29. d4 exd4 30. Nxd4 Nxd4 31. Rxd4 f5 32. exf5 gxf5 33. Rc4 c5 34. bxc5 Qe6 35. c6 Rf7 36. Rb7 Rfc7 37. Rxc7+ Rxc7 38. Rb4 Kg6 39. Rb7 Qe7 40. Qc3 Qf7 41. Qa5 Rxb7 42. cxb7 Qe8 43. Qc7 Qf8 44. b8Q Qf6 45. Qxd6 a5 46. Qxf6+ Kxf6 47. Qb6+ Kg7 48. Qxa5 Kg6 49. Qb6+ Kg7 50. a4 Bg5 51. Qd4+ Kg6 1-0

[Event "RSA-ch U10"]
[Site "Bloemfontein"]
[Date "2016.03.24"]
[Round "8"]
[White "Mokgehle, Khayalethu"]
[Black "Petronio, Alessandro Fabio"]
[Result "0-1"]
[WhiteElo "1191"]
[BlackElo "1076"]
[PlyCount "61"]
[EventDate "2016.03.20"]
[EventType "swiss"]
[EventRounds "11"]
[EventCountry "RSA"]
[SourceTitle "CBM 171 Extra"]
[Source "ChessBase"]
[SourceDate "2016.04.26"]
[SourceVersion "1"]
[SourceVersionDate "2016.04.26"]
[SourceQuality "1"]

1. e4 c5 2. c4 Nc6 3. d3 g6 4. Be3 d6 5. Bc1 Bg7 6. Nc3 Nf6 7. Bg5 0-0 8. Nf3 Bg4 9. Be2 Bxf3 10. Bxf3 Nd4 11. Bxf6 Bxf6 12. 0-0 Qc7 13. Nd5 Qd8 14. Nxf6+ exf6 15. Qc2 Nxf3+ 16. gxf3 Rb8 17. Qd1 b5 18. cxb5 Rxb5 19. d4 Rxb2 20. dxc5 dxc5 21. Qxd8 Rxd8 22. Rfc1 Rc8 23. Rd1 c4 24. Rab1 c3 25. Rxb2 cxb2 26. Rb1 Rc1+ 27. Rxc1 bxc1Q+ 28. Kg2 Qc2 29. a4 a5 30. h4 Qxa4 31. Kg3 0-1

[Event "RSA-chT U10"]
[Site "Cape Town"]
[Date "2016.01.04"]
[Round "1.2"]
[White "Duma, Kabelo"]
[Black "Petronio, Alessandro Fabio"]
[Result "0-1"]
[WhiteElo "738"]
[BlackElo "1046"]
[PlyCount "22"]
[EventDate "2016.01.04"]
[EventType "team-tourn"]
[EventRounds "7"]
[EventCountry "RSA"]
[SourceTitle "CBM 170 Extra"]
[Source "ChessBase"]
[SourceDate "2016.02.25"]
[SourceVersion "1"]
[SourceVersionDate "2016.02.25"]
[SourceQuality "1"]
[WhiteTeam "Johannesburg Metro"]
[BlackTeam "Nelson Mandela Bay"]
[WhiteTeamCountry "RSA"]
[BlackTeamCountry "RSA"]

1. e4 c5 2. Nc3 Nc6 3. Nf3 g6 4. Bc4 Bg7 5. d3 Nf6 6. Bg5 0-0 7. 0-0 d6 8. Bxf6 Bxf6 9. Qd2 Bg7 10. a3 Bg4 11. Rac1 Nd4 0-1